000 00732nam a2200229Ia 4500
008 101110s9999 xx 000 0 und d
041 _aENGLISH
082 _bSR25045
100 _aRaghuram K. ,Kulkarni A.G., Sathe P.A., Pabrekar P.N.
245 _aBasic principles in industrial and analytical chemistry (SYBSC) Part II
260 _c2003
_bSheth Publishers, Mumbai
300 _a366
365 _b0
520 _aChemistry
520 _aFree Suppliment
546 _aENGLISH
630 _aBasic principles in industrial and analytical chemistry (SYBSC) Part II
650 _aChemistry
655 _aChemistry
730 _aBasic principles in industrial and analytical chemistry (SYBSC) Part II
942 _cBOOK
999 _c817700
_d817697